|
|
|
|
| LEADER |
02491nam a2200661 4500 |
| 001 |
ocn875404486 |
| 003 |
OCoLC |
| 005 |
20170124072329.1 |
| 006 |
m o d |
| 007 |
cr ||||||||||| |
| 008 |
140331s2014 nju ob 001 0 eng |
| 010 |
|
|
|a 2014012987
|
| 040 |
|
|
|a DLC
|b eng
|e rda
|c DLC
|d YDX
|d N$T
|d IDEBK
|d EBLCP
|d CDX
|d DG1
|d COO
|d CUS
|d DEBSZ
|d E7B
|d YDXCP
|d RECBK
|d DEBBG
|d LOA
|d GrThAP
|
| 019 |
|
|
|a 884586021
|a 899277970
|a 927509089
|a 960199991
|a 961539139
|a 962564623
|
| 020 |
|
|
|a 9781118860489 (epub)
|
| 020 |
|
|
|a 1118860489 (epub)
|
| 020 |
|
|
|a 9781118860410 (pdf)
|
| 020 |
|
|
|a 1118860411 (pdf)
|
| 020 |
|
|
|z 9781118057469 (cloth)
|
| 020 |
|
|
|a 9781118860168
|
| 020 |
|
|
|a 1118860160
|
| 020 |
|
|
|a 1118057465
|
| 020 |
|
|
|a 9781118057469
|
| 020 |
|
|
|a 9781306876414
|
| 020 |
|
|
|a 1306876419
|
| 029 |
1 |
|
|a NZ1
|b 15592075
|
| 029 |
1 |
|
|a CHVBK
|b 325940444
|
| 029 |
1 |
|
|a CHBIS
|b 010259705
|
| 029 |
1 |
|
|a DEBSZ
|b 431702802
|
| 029 |
1 |
|
|a NZ1
|b 16063617
|
| 029 |
1 |
|
|a DEBBG
|b BV042989795
|
| 029 |
1 |
|
|a DEBSZ
|b 47502639X
|
| 029 |
1 |
|
|a DEBBG
|b BV043396648
|
| 035 |
|
|
|a (OCoLC)875404486
|z (OCoLC)884586021
|z (OCoLC)899277970
|z (OCoLC)927509089
|z (OCoLC)960199991
|z (OCoLC)961539139
|z (OCoLC)962564623
|
| 042 |
|
|
|a pcc
|
| 050 |
1 |
0 |
|a TP156.P6
|
| 072 |
|
7 |
|a TEC
|x 009010
|2 bisacsh
|
| 082 |
0 |
0 |
|a 668.9/2
|2 23
|
| 049 |
|
|
|a MAIN
|
| 245 |
0 |
0 |
|a Synthesis and applications of copolymers /
|c edited By Andanandam Parthiban, Institute of Chemical and Engineering Sciences, Agency for Science, Jurong Island, Singapore.
|
| 264 |
|
1 |
|a Hoboken, New Jersey :
|b Wiley,
|c [2014]
|
| 300 |
|
|
|a 1 online resource.
|
| 336 |
|
|
|a text
|2 rdacontent
|
| 337 |
|
|
|a computer
|2 rdamedia
|
| 338 |
|
|
|a online resource
|2 rdacarrier
|
| 504 |
|
|
|a Includes bibliographical references and index.
|
| 588 |
|
|
|a Description based on print version record and CIP data provided by publisher.
|
| 650 |
|
0 |
|a Polymerization.
|
| 650 |
|
0 |
|a Copolymers.
|
| 650 |
|
0 |
|a Copolymers
|x Industrial applications.
|
| 650 |
|
7 |
|a TECHNOLOGY & ENGINEERING
|x Chemical & Biochemical.
|2 bisacsh
|
| 650 |
|
4 |
|a Copolymers - Industrial applications.
|
| 655 |
|
4 |
|a Electronic books.
|
| 655 |
|
0 |
|a Electronic books.
|
| 700 |
1 |
|
|a Parthiban, Andanandam,
|e editor of compilation.
|
| 776 |
0 |
8 |
|i Print version:
|t Synthesis and applications of copolymers
|d Hoboken, New Jersey : Wiley, [2014]
|z 9781118057469
|w (DLC) 2014002692
|
| 856 |
4 |
0 |
|u https://doi.org/10.1002/9781118860168
|z Full Text via HEAL-Link
|
| 994 |
|
|
|a 92
|b DG1
|